Дело о доставлении в канцелярию Министерства двора сведений о службе умершего коллежского секретаря Константина Смирнова, служив...

Доступно только в Электронных читальных залах Найти на картеНа карте
RUSMARC
00004449nmc2a22000003x 450
00127bcf525-cc79-408d-af6c-4d425c0e746a
00520181224231416.0
100##$a20170627l18461846k l0rusy0189 ca
1010#$arus
102##$aRU
2001#$aДело о доставлении в канцелярию Министерства двора сведений о службе умершего коллежского секретаря Константина Смирнова, служившего при московских театрах
$j18 июня - 19 июля 1846 г.
251##$cДело
300##$aПо Санкт-Петербургской дирекции за 1846 год
300##$aОриг. заголовок дела: Дело по запросу экзекутора канцелярии Министерства Императорского двора о доставлении сведения о службе умершего коллежского секретаря Константина Смирнова, служившего при Московской конторе, и не воспользовалась ли после него вдова пенсионом. 18 июня 1846 г. - 19 июля 1846 г
801#0$aRU
$bРГИА
$c20170627
$gRCR
801#1$aRU
$bГлавНИВЦ
$c20170627
$2rusmarc
801#2$aRU
$bПБ им. Б.Н. Ельцина
$c20181224
$gRCR
$2rusmarc
850##$aРГИА
852##$aРГИА
$eФедеральное казенное учреждение "Российский государственный исторический архив" (РГИА)
$j10760
937##$hРГИА
$d12246330
$aASBIBLIO_SCAN
462#0$1001dd3991dc-24e1-42ec-8838-ca4255420416
$12001
$a1746-1850 гг.
$1251
$cОпись
$1852
$j1
461#0$10019264ebf8-de62-4f1a-9eb4-9f22098dbbd5
$12001
$aДирекция императорских театров МИДв
$1251
$cФонд
$1852
$j497
215##$a11 л.
$d36,5х26 см
371##$aДокумент не является опубликованным и широко распространяемым
105##$ay###
1222#$ad
5171#$aДело по запросу экзекутора канцелярии Министерства Императорского двора о доставлении сведения о службе умершего коллежского секретаря Константина Смирнова, служившего при Московской конторе, и не воспользовалась ли после него вдова пенсионом. 18 июня 1846 г. - 19 июля 1846 г
035##$a27bcf525-cc79-408d-af6c-4d425c0e746a
856##$uhttp://readingroom.main.prlib.ru/item.aspx?id_node=n122293156&mode=full
Формат отображения